Normal view
MARC view
- International Conference on Traffic and Transportation Studies
Entry Meeting Name
001 - CONTROL NUMBER
- control field: 27137
003 - CONTROL NUMBER IDENTIFIER
- control field: NUST
005 - DATE AND TIME OF LATEST TRANSACTION
- control field: 20191219163014.0
008 - FIXED-LENGTH DATA ELEMENTS
- fixed length control field: 191219|| aca||aabn | a|a d
040 ## - CATALOGING SOURCE
- Original cataloging agency: NUST
- Transcribing agency: NUST
111 ## - HEADING--MEETING NAME
- Meeting name or jurisdiction name as entry element: International Conference on Traffic and Transportation Studies
- Number of part/section/meeting: (6th :
- Date of meeting: 2008 :
- Location of meeting: Nanning, China)
670 ## - SOURCE DATA FOUND
- Source citation: Work cat.: (NUST)0: International Conference on Traffic and Transportation Studies (6th : 2008 : Nanning, China), Traffic and transportation studies :, c2008.
